000 01533nam a2200277 cc4500
001 000030493
003 RuMoIPM
005 20260506113542.0
008 220526s1965 ru ||||| |||| 00| 0 rus d
035 _a(RuMoBEN) 001638161
040 _aRuMoBEN
_brus
_ercr
041 _arus
_hlat
044 _aru
080 _a531/534(0.032)(06)(083.8)(0.068)
245 _aТ. 2
_bТруды по механике, Ч. 1
_cпод ред. Г. К. Михайлова ; пер. с лат. И. А. Перельмутера
260 _aМосква
_aЛенинград
_bНаука
_c1965
300 _a571 с.
_bил.
490 0 _aТруды Архива / Академия наук СССР
_vВып. 20
500 _aЗагл. на верхней крышке пер.: Рукописные материалы Леонарда Эйлера в архиве Академии наук СССР. Том II.
500 _aЗагл. на корешке: Рукописные материалы Леонарда Эйлера. т. II.
700 1 _aМихайлов, Глеб Константинович
_eред.
700 1 _aПерельмутер, Илья Аронович
_eпер.
773 _dМосква | Ленинград: Изд-во АН СССР, 1962-
_kТруды Архива / Академия наук СССР
_tРукописные материалы Л. Эйлера в Архиве Академии наук СССР
_w000030492
856 4 1 _qapplication/pdf
_uhttps://viewer.benran.ru/ru/ben01001638161
942 _cBK
999 _c30493
_d30493